| 000 | 01159cam a22002054a 4500 | ||
|---|---|---|---|
| 005 | 20250605164016.0 | ||
| 008 | 250528s ||||||||||||||||||||||||d | ||
| 035 | _a16172 | ||
| 020 | _a4833700980 | ||
| 040 |
_aGR-AtMCL _bgre _dGR-AtMCL _eAACR2 |
||
| 245 | 1 | _aPhysics / For Science and Engineering | |
| 260 |
_bHolt Saunders International Editions, _c1982 |
||
| 300 | _a1326 | ||
| 520 | _aIntroduction, Kinematics of Linear Motion, Vectors and Coordinate Frames, Kinematics in Two and Three Dimensions, The Principles of Dynamics - Newton's Laws, Applications of Newton's Laws, Mechanical Energy and Work, Forces and Potential Energy, Linear Momentum, Angular Momentum and the Dynamics of Systems, Rotation of Rigid Bodies, Forces in Equilibrium, Oscillatory Motion, Static Fluids, Mechanical Waves, Sound, The Behavior of Gases, Kinetic Theory, Thermodynamics, Electric Charge, Electric Potential, Current and Resistance, The Magnetic Field, Electromagnetic Waves, Geometrical Otics, Interference, Diffraction, Atoms, Index. | ||
| 700 | 1 |
_aHornyak William F _92222 |
|
| 700 | 1 |
_aMarion Jerry B _92223 |
|
| 942 | _cBK | ||
| 999 |
_c1707 _d1707 |
||